| 000 | 00951nam a22002297a 4500 | ||
|---|---|---|---|
| 999 |
_c1275 _d1275 |
||
| 003 | AR-CdUCM | ||
| 008 | 190226b ||||| |||| 00| 0 spa d | ||
| 020 | _a9506941262 | ||
| 040 |
_aMUNICIPALIDAD PROVINCIAL DEL CUSCO _cBIBLIOTECA MUNICIPAL DEL CUSCO |
||
| 082 |
_a327.980 / _bA87 |
||
| 100 |
_aAtkins, G. Pope _94941 |
||
| 245 |
_aSudamérica en la década de 1990 : _bel desarrollo de las relaciones internacionales en una nueva era / |
||
| 260 |
_aBuenos Aires : _bLatinoamericano , _c1990. |
||
| 300 |
_a195 páginas ; _c23 cm. |
||
| 440 |
_aEstados internacionales _94942 |
||
| 505 | _aAmérica del sur y el sistema político internacional -- La política interna y externa de Sudamérica -- El estado del pensamiento geopolítico -- Brasil y el subsistente del cono sur... | ||
| 650 |
_aPolítica exterior. _94556 |
||
| 650 |
_aPolítica interna. _94943 |
||
| 650 |
_aSudamérica. _94944 |
||
| 942 |
_2ddc _cLIBROS |
||
| 945 |
_awfj _d2019-02-26 |
||